Extinction : bad genes or bad luck
| Main Author: | |
|---|---|
| Format: | Book |
| Published: |
Oxford :
Oxford University Press ,
1993
|
| Series: | Lib.has 2 books
|
| Subjects: |
MARC
| LEADER | 00000cam a2200000 7i4500 | ||
|---|---|---|---|
| 001 | 0000004396 | ||
| 002 | 000004726 | ||
| 005 | 20081105.0 | ||
| 020 | |a 0192861581 | ||
| 090 | 0 | 0 | |a 575.7 |b RAU |
| 100 | 1 | |a Raup, David M | |
| 245 | 1 | 0 | |a Extinction : |b bad genes or bad luck |c David M.Raup |
| 260 | |a Oxford : |b Oxford University Press , |c 1993 | ||
| 300 | |a 210p. ; |c 20cm. | ||
| 490 | 0 | |a Lib.has 2 books | |
| 650 | 0 | 0 | |a Earth sciences |
| 650 | 0 | 0 | |a Extinction (Biology) |
| 999 | |a 032870 |b BUKU |c PINJAMAN |e PERPUSTAKAAN KOMUNITI PETALING JAYA | ||